Terrible Facts you Never Wanted to Know - Statistics

General Stats
  • This quiz has been taken 1,169 times
  • The average score is 9 of 20
Answer Stats
Question Answer % Correct
For how much money did the third Apple founder sell his 10% share for in 1976? $800
62%
What does "Crayola" actually mean Oily Chalk
62%
About how many dead bodies are there on Mount Everest? 200
57%
What can fall from the sky on Neptune? Diamonds
57%
Which of these animals has had their fingerprints confused for human ones at a crime scene? Koala
56%
What percent of the world's cheese is stolen every year? 4%
54%
All of what bird in England are owned by the crown. Swan
54%
When was the last time France executed prisoners with a guillotine 1977
51%
What is the name of the average color of the universe? Cosmic Latte
46%
Which of these foods does NOT have an indefinite shelf life. Sparkling Water
43%
In 2008, who did 20% of British teens think didn't exist? Winston Churchill
43%
What grade did the student who designed the fifty star American flag get on his project? B-
41%
When Niels Bohr won the Nobel Prize, he also got an infinite supply of what? Beer
41%
Which is NOT a flavor of Oreo? Greek Yogurt
37%
Which of these states has the United States accidentally dropped a nuclear bomb on? North Carolina
37%
How many pounds of a human body is bacteria (on average) 5
27%
Which of these things kills the most people each year? Coconuts
27%
How many ants make up a pound of ants? 1,500,000
25%
How many more people in the world own a cell phone than a toilet? 1.5 Billion
22%
What Pokemon are the most children in the United States named after? Tangela
19%
No matching quizzes found
Score Distribution
Percent of People with Each Score
Percentile by Number Answered
Your Score History
You have not taken this quiz